01362nam a2200205Ia 4500001001300000003001000013005001700023008004100040040002500081041000700106100003400113245007400147260003500221300001200256500005100268520062300319650003000942654001100972700017300983b5644-38334 IT-MiCISF20230502121208.0161014s9999||||xx |||||||||||||| ||und|| aIT-MiCISFcIT-MiCISF ait aMarzotto Costanza (a cura di) 0aPer un'epistemologia del servizio sociale.bLa posizione del soggetto a Milano,bFranco Angeli,c2002 app. 223 aservizi-sociali, sociologia, operatori-sociali aIl volume affronta il complesso tema del rapporto tra operatore sociale e destinatario degli interventi sociali, alla ricerca di un modello di lettura della realtà€ che sia capace di riconoscere negli utenti del servizio sociale dei soggetti sociali, e non solo dei portatori di bisogno, definiti da mancanze o deficit. Particolare rilevanza assume, in questa prospettiva, l'attenzione al legame tra persona, famiglia e comunità€, attraverso un metodo di lavoro che valorizzi azioni come ascoltare, accogliere, programmare, raccogliere informazioni, cooperare, accompagnare. Per operatori dei servizi socio-sanitari. aservizi-alla-personae007 asaggio aMarzotto C., Barbero Avanzini B., Botturi F., Folgheraiter F., Villa F., Piscitelli D., Bernet M., Bortoli B., Di Carlo E., Bea E., Amendola V., Angeloni M., Lofiego A.